Greatest Canadian Players in NHL History - Statistics

General Stats
  • This quiz has been taken 143 times
  • The average score is 12 of 20
Answer Stats
Hint Career Province Player % Correct
Forwards 1979 - 1999 Ontario Wayne Gretzky
97%
Forwards 2006 - Present Nova Scotia Sidney Crosby
94%
Goaltenders 1985 - 2003 Quebec Patrick Roy
89%
Forwards 1947 - 1980 Saskatchewan Gordie Howe
79%
Forwards 2016 - Present Ontario Connor McDavid
78%
Forwards 1985 - 2006 Quebec Mario Lemieux
77%
Defencemen 1967 - 1979 Ontario Bobby Orr
71%
Forwards 1972 - 1991 Quebec Guy Lafleur
69%
Defencemen 1980 - 2001 Quebec Ray Bourque
61%
Forwards 1989 - 2009 British Columbia Joe Sakic
58%
Forwards 1964 - 1981 Ontario Phil Esposito
53%
Goaltenders 1969 - 1984 Ontario Tony Esposito
52%
Forwards 1951 - 1971 Quebec Jean Béliveau
49%
Forwards 1984 - 2006 British Columbia Steve Yzerman
49%
Forwards 1978 - 1987 Quebec Mike Bossy
47%
Defencemen 1981 - 2001 Ontario Paul Coffey
47%
Defencemen 1982 - 2004 Nova Scotia Al MacInnis
41%
Defencemen 1973 - 1992 Ontario Larry Robinson
30%
Defencemen 1974 - 1988 Ontario Denis Potvin
21%
Forwards 1924 - 1937 Ontario Howie Morenz
18%
No matching quizzes found
Score Distribution
Percent of People with Each Score
Percentile by Number Answered
Your Score History
You have not taken this quiz